[Event "Moscow_Open_19_TurnirA"]
[Site "?"]
[Date "2019.01.31"]
[Round "6.7"]
[White "Yeletsky, Ivan"]
[Black "Fedorov, Alexei"]
[Result "0-1"]
[BlackElo "2557"]
[WhiteElo "2406"]
[LiveChessVersion "1.4.8"]

1. e4 {[%clk 1:29:50]} c5 {[%clk 1:30:54]} 2. Nf3 {[%clk 1:30:12]} e6
{[%clk 1:30:57]} 3. d4 {[%clk 1:30:30]} cxd4 {[%clk 1:31:22]} 4. Nxd4
{[%clk 1:30:52]} a6 {[%clk 1:31:48]} 5. c4 {[%clk 1:31:09]} Nf6 {[%clk 1:31:41]}
6. Nc3 {[%clk 1:31:14]} Qc7 {[%clk 1:30:28]} 7. Be2 {[%clk 1:31:20]} Bb4 8. Nc2
{[%clk 1:31:32]} Be7 {[%clk 1:25:27]} 9. O-O {[%clk 1:31:46]} d6 {[%clk 1:24:36]}
10. Qd3 {[%clk 1:31:21]} Nbd7 {[%clk 1:23:22]} 11. Qg3 {[%clk 1:30:26]} h5
{[%clk 1:16:36]} 12. Bg5 {[%clk 1:20:23]} b6 {[%clk 1:09:54]} 13. h4
{[%clk 1:14:30]} Bb7 {[%clk 1:09:41]} 14. f3 {[%clk 1:14:41]} Ne5
{[%clk 1:03:27]} 15. Ne3 {[%clk 1:05:18]} Ng6 {[%clk 1:03:25]} 16. Rfd1
{[%clk 0:58:04]} Rd8 {[%clk 1:01:42]} 17. Rd2 {[%clk 0:51:34]} O-O
{[%clk 1:00:23]} 18. Rad1 {[%clk 0:49:49]} Rd7 {[%clk 0:53:14]} 19. Kh1
{[%clk 0:40:37]} Rc8 {[%clk 0:43:41]} 20. a3 {[%clk 0:38:30]} Qd8
{[%clk 0:38:49]} 21. Rd4 {[%clk 0:29:31]} Rc5 {[%clk 0:32:58]} 22. f4
{[%clk 0:22:06]} e5 {[%clk 0:32:25]} 23. fxe5 {[%clk 0:22:22]} Rxe5
{[%clk 0:31:52]} 24. Bf3 {[%clk 0:13:48]} Ne8 {[%clk 0:21:55]} 25. Bxe7
{[%clk 0:13:00]} Qxe7 {[%clk 0:22:14]} 26. Nf5 {[%clk 0:13:07]} Qf6
{[%clk 0:22:28]} 27. Na4 {[%clk 0:10:35]} b5 {[%clk 0:19:12]} 28. Nb6
{[%clk 0:10:45]} Rd8 {[%clk 0:15:48]} 29. b4 {[%clk 0:09:03]} Nf8
{[%clk 0:10:45]} 30. c5 {[%clk 0:06:28]} Ne6 {[%clk 0:07:29]} 31. R4d2
{[%clk 0:06:21]} Bxe4 {[%clk 0:05:26]} 32. Bxe4 {[%clk 0:06:37]} Rxe4
{[%clk 0:05:51]} 33. Nd5 {[%clk 0:06:49]} Qe5 {[%clk 0:06:09]} 34. Qxe5
{[%clk 0:05:23]} Rxe5 {[%clk 0:06:31]} 35. Nfe7+ {[%clk 0:05:28]} Kf8
{[%clk 0:06:18]} 36. Nc6 {[%clk 0:05:25]} Rxd5 {[%clk 0:04:12]} 37. Rxd5
{[%clk 0:04:46]} Rc8 {[%clk 0:04:22]} 38. Na7 {[%clk 0:01:57]} Ra8
{[%clk 0:03:46]} 39. Rxh5 {[%clk 0:01:28]} Rxa7 {[%clk 0:03:43]} 40. cxd6
{[%clk 0:31:39]} Nf6 41. Rh8+ {[%clk 0:30:13]} Ng8 {[%clk 0:34:27]} 42. d7
{[%clk 0:26:21]} Ra8 {[%clk 0:31:30]} 43. Rd6 {[%clk 0:15:14]} Ke7
{[%clk 0:30:08]} 44. Rd5 {[%clk 0:07:06]} Rd8 {[%clk 0:30:02]} 45. a4
{[%clk 0:06:47]} Nf6 {[%clk 0:28:33]} 46. Rxd8 {[%clk 0:07:07]} Nxd5
{[%clk 0:27:56]} 47. Ra8 {[%clk 0:06:47]} Ndc7 {[%clk 0:27:01]} 48. d8=Q+
{[%clk 0:03:27]} Nxd8 {[%clk 0:27:27]} 49. Ra7 {[%clk 0:03:50]} Kd6
{[%clk 0:27:30]} 50. axb5 {[%clk 0:04:12]} axb5 {[%clk 0:27:56]} 51. Ra1
{[%clk 0:03:55]} Nc6 {[%clk 0:25:05]} 52. Rf1 {[%clk 0:03:37]} f6
{[%clk 0:24:00]} 53. Rf4 {[%clk 0:02:03]} Ke6 {[%clk 0:22:05]} 54. Rg4
{[%clk 0:01:34]} Kf7 {[%clk 0:22:16]} 55. h5 {[%clk 0:00:44]} Nd5
{[%clk 0:18:10]} 56. Rg3 {[%clk 0:01:04]} Ncxb4 {[%clk 0:15:13]} 57. Rb3
{[%clk 0:01:28]} f5 {[%clk 0:14:01]} 58. Kh2 {[%clk 0:01:26]} Kf6
{[%clk 0:13:53]} 59. Rg3 {[%clk 0:01:01]} Nc2 {[%clk 0:12:20]} 60. Rg6+
{[%clk 0:01:23]} Kf7 {[%clk 0:12:42]} 61. Rc6 {[%clk 0:00:52]} Nce3
{[%clk 0:12:51]} 62. Kg3 {[%clk 0:01:04]} b4 {[%clk 0:12:09]} 63. h6
{[%clk 0:01:04]} g5 {[%clk 0:09:09]} 64. Rd6 {[%clk 0:01:15]} Nf6
{[%clk 0:07:47]} 65. Kf3 {[%clk 0:00:33]} Ned5 {[%clk 0:07:48]} 66. Rd8
{[%clk 0:00:47]} Kg6 {[%clk 0:07:51]} 67. Rh8 {[%clk 0:01:10]} g4+
{[%clk 0:05:15]} 68. Kg3 {[%clk 0:01:30]} Kg5 {[%clk 0:05:13]} 69. Kf2
{[%clk 0:01:37]} Ne4+ {[%clk 0:04:00]} 70. Kg1 {[%clk 0:01:55]} Kg6
{[%clk 0:04:06]} 71. Kh2 {[%clk 0:01:52]} f4 {[%clk 0:03:55]} 72. Rg8+
{[%clk 0:00:57]} Kxh6 {[%clk 0:04:05]} 73. Rxg4 {[%clk 0:01:21]} Nef6
{[%clk 0:03:49]} 74. Rh4+ {[%clk 0:01:42]} Nh5 {[%clk 0:03:03]} 75. Kg1
{[%clk 0:01:13]} b3 {[%clk 0:02:59]} 76. Rh3 {[%clk 0:01:36]} Ne3
{[%clk 0:03:17]} 77. Kf2 {[%clk 0:00:36]} b2 {[%clk 0:03:35]} 78. Rh1
{[%clk 0:01:02]} Nd5 {[%clk 0:03:49]} 79. g4 {[%clk 0:00:32]} fxg3+
{[%clk 0:04:09]} 80. Kf3 {[%clk 0:00:45]} Nc3 {[%clk 0:04:32]} 0-1

[Event "Moscow_Open_19_TurnirA"]
[Site "?"]
[Date "2019.01.31"]
[Round "6.8"]
[White "Drygalov, Andrey"]
[Black "Tsydypov, Zhamsaran"]
[Result "0-1"]
[BlackElo "2545"]
[WhiteElo "2485"]
[LiveChessVersion "1.4.8"]

1. e4 e5 2. Nf3 {[%clk 1:30:48]} Nc6 {[%clk 1:19:52]} 3. Bc4 Bc5 {[%clk 1:20:07]}
4. O-O {[%clk 1:31:35]} Nf6 {[%clk 1:20:04]} 5. d3 {[%clk 1:32:02]} d6
{[%clk 1:19:52]} 6. c3 {[%clk 1:32:27]} a5 {[%clk 1:19:31]} 7. Re1
{[%clk 1:31:13]} h6 {[%clk 1:16:56]} 8. Bb3 {[%clk 1:30:35]} O-O {[%clk 1:14:14]}
9. h3 {[%clk 1:31:01]} b5 {[%clk 1:11:06]} 10. a4 {[%clk 1:28:35]} b4
{[%clk 1:11:18]} 11. Nbd2 {[%clk 1:28:17]} Rb8 {[%clk 1:07:06]} 12. Nc4
{[%clk 1:28:23]} bxc3 {[%clk 1:07:32]} 13. bxc3 {[%clk 1:28:43]} Be6
{[%clk 1:05:57]} 14. Ba2 {[%clk 1:24:52]} Ba7 {[%clk 1:04:51]} 15. Na3
{[%clk 1:10:49]} d5 {[%clk 0:57:24]} 16. Qc2 {[%clk 1:04:45]} Re8
{[%clk 0:56:24]} 17. Nb5 {[%clk 1:03:10]} Bb6 {[%clk 0:54:55]} 18. Be3
{[%clk 0:46:21]} d4 {[%clk 0:49:01]} 19. Bc1 {[%clk 0:35:09]} dxc3
{[%clk 0:45:18]} 20. Qxc3 {[%clk 0:30:29]} Nb4 {[%clk 0:45:06]} 21. Bb1
{[%clk 0:29:01]} c6 {[%clk 0:43:26]} 22. Na3 {[%clk 0:28:23]} Nd7
{[%clk 0:35:43]} 23. Nc4 {[%clk 0:25:49]} Bxc4 {[%clk 0:29:01]} 24. Qxc4
{[%clk 0:25:51]} Qf6 {[%clk 0:27:57]} 25. Bd2 {[%clk 0:25:03]} Nc5
{[%clk 0:25:58]} 26. Bc3 {[%clk 0:24:21]} Nb7 {[%clk 0:18:47]} 27. Qb3
{[%clk 0:21:41]} Nd8 {[%clk 0:13:31]} 28. Qc4 {[%clk 0:20:42]} c5
{[%clk 0:13:13]} 29. Ba2 {[%clk 0:18:58]} Ndc6 {[%clk 0:11:35]} 30. Rac1
{[%clk 0:18:29]} Nxa2 {[%clk 0:09:02]} 31. Qxa2 {[%clk 0:18:56]} Nb4
{[%clk 0:09:27]} 32. Qc4 {[%clk 0:18:46]} Qd6 {[%clk 0:09:50]} 33. Red1
{[%clk 0:14:47]} Ba7 {[%clk 0:10:16]} 34. Ba1 {[%clk 0:13:01]} Re6
{[%clk 0:09:38]} 35. Bc3 {[%clk 0:09:01]} Rd8 {[%clk 0:05:21]} 36. Rd2
{[%clk 0:08:38]} Qb8 {[%clk 0:03:41]} 37. Ne1 {[%clk 0:07:35]} Rd7
{[%clk 0:03:09]} 38. Nc2 {[%clk 0:07:33]} Qe8 {[%clk 0:03:00]} 39. Na3
{[%clk 0:04:22]} Bb6 {[%clk 0:02:48]} 40. Rcd1 {[%clk 0:33:56]} Bd8 41. Nb5
{[%clk 0:22:40]} Bg5 {[%clk 0:31:13]} 42. Re2 {[%clk 0:22:11]} Qd8
{[%clk 0:29:19]} 43. Bxb4 {[%clk 0:21:26]} cxb4 {[%clk 0:29:36]} 44. Rc2
{[%clk 0:21:24]} Rg6 {[%clk 0:23:10]} 45. Qc8 {[%clk 0:19:24]} h5
{[%clk 0:22:51]} 46. Qxd8+ {[%clk 0:17:41]} Rxd8 {[%clk 0:20:37]} 47. Kf1
{[%clk 0:16:28]} h4 {[%clk 0:20:18]} 48. Rc5 {[%clk 0:13:42]} b3 {[%clk 0:19:51]}
49. Rxe5 {[%clk 0:12:44]} b2 {[%clk 0:19:53]} 50. Na3 {[%clk 0:11:27]} Rb8
{[%clk 0:11:28]} 51. Rb1 {[%clk 0:09:30]} Bd2 52. Nb5 {[%clk 0:05:57]} Rc6
{[%clk 0:09:21]} 53. Rxb2 {[%clk 0:03:09]} Rc1+ {[%clk 0:09:30]} 54. Ke2
{[%clk 0:03:36]} Bc3 {[%clk 0:09:53]} 55. Rb1 {[%clk 0:04:02]} Rxb1
{[%clk 0:08:42]} 56. Nxc3 {[%clk 0:04:29]} R8b2+ {[%clk 0:09:01]} 57. Kf3
{[%clk 0:03:48]} Rf1 {[%clk 0:09:00]} 58. Ne2 {[%clk 0:03:53]} Rd1
{[%clk 0:08:45]} 59. Nf4 {[%clk 0:03:47]} f6 {[%clk 0:07:42]} 60. Rxa5
{[%clk 0:04:14]} g5 {[%clk 0:08:04]} 61. Nd5 {[%clk 0:02:49]} Rxd3+
{[%clk 0:08:24]} 62. Ne3 {[%clk 0:02:49]} Kf7 {[%clk 0:08:01]} 63. Ra7+
{[%clk 0:03:02]} Kg6 {[%clk 0:07:50]} 64. Ra6 {[%clk 0:02:11]} Rd4
{[%clk 0:07:57]} 65. a5 {[%clk 0:01:41]} Ra4 {[%clk 0:06:29]} 66. Nd5
{[%clk 0:00:59]} Ra3+ {[%clk 0:06:39]} 67. Ne3 {[%clk 0:01:23]} Rb5
{[%clk 0:06:51]} 68. Ra8 {[%clk 0:01:34]} Raxa5 {[%clk 0:06:42]} 69. Rc8
{[%clk 0:00:36]} Ra4 {[%clk 0:05:04]} 70. Rc6 {[%clk 0:00:53]} Re5
{[%clk 0:04:37]} 71. Ng4 {[%clk 0:01:17]} Ra3+ {[%clk 0:04:58]} 72. Ne3
{[%clk 0:01:42]} Re7 {[%clk 0:05:00]} 73. Rb6 {[%clk 0:02:01]} Kf7
{[%clk 0:05:10]} 74. Rb4 {[%clk 0:02:25]} Rd7 {[%clk 0:04:54]} 75. Rc4
{[%clk 0:02:41]} Rda7 {[%clk 0:04:23]} 76. Rc6 {[%clk 0:03:06]} Re7
{[%clk 0:03:43]} 77. Rc4 {[%clk 0:03:23]} Re6 {[%clk 0:03:55]} 78. Rb4
{[%clk 0:03:45]} Re5 {[%clk 0:03:40]} 79. Rc4 {[%clk 0:04:07]} f5
{[%clk 0:03:00]} 80. exf5 {[%clk 0:04:02]} Rxf5+ {[%clk 0:03:22]} 81. Ke2
{[%clk 0:04:27]} Ra2+ {[%clk 0:03:37]} 82. Rc2 {[%clk 0:04:38]} Rxc2+
{[%clk 0:03:42]} 83. Nxc2 {[%clk 0:05:05]} Kg6 {[%clk 0:03:42]} 84. Ne3
{[%clk 0:05:20]} Rf8 {[%clk 0:04:04]} 85. Ng4 {[%clk 0:05:23]} Kf5
{[%clk 0:04:27]} 86. Ke3 {[%clk 0:05:27]} Ke6 {[%clk 0:04:29]} 87. Nh2
{[%clk 0:05:34]} Ra8 {[%clk 0:04:20]} 88. Ng4 {[%clk 0:05:42]} Ra3+
{[%clk 0:03:52]} 89. Ke4 {[%clk 0:06:06]} Rb3 {[%clk 0:04:14]} 90. Ne3
{[%clk 0:06:14]} Rb4+ {[%clk 0:04:29]} 91. Kf3 {[%clk 0:06:36]} Rf4+
{[%clk 0:04:52]} 92. Ke2 {[%clk 0:07:01]} Ke5 {[%clk 0:04:14]} 93. Ng4+
{[%clk 0:03:33]} Ke4 {[%clk 0:04:27]} 94. f3+ {[%clk 0:00:57]} Kf5
{[%clk 0:04:17]} 95. Ne3+ {[%clk 0:01:03]} Ke6 {[%clk 0:04:14]} 96. Kf2
{[%clk 0:00:54]} Ra4 {[%clk 0:04:06]} 97. Kg1 {[%clk 0:00:39]} Ke5
{[%clk 0:04:24]} 98. Ng4+ {[%clk 0:00:37]} Kf4 {[%clk 0:04:42]} 99. Nf6
{[%clk 0:00:54]} Ra1+ {[%clk 0:04:23]} 100. Kf2 {[%clk 0:01:15]} Ra2+
{[%clk 0:04:16]} 101. Kg1 {[%clk 0:01:41]} Rb2 {[%clk 0:03:26]} 102. Ne4
{[%clk 0:01:49]} Rb5 {[%clk 0:03:33]} 103. Kf2 {[%clk 0:02:10]} Ra5
{[%clk 0:03:57]} 104. Nf6 {[%clk 0:02:29]} Rb5 {[%clk 0:03:04]} 105. Ne4
{[%clk 0:02:40]} Rb3 {[%clk 0:02:47]} 106. Nf6 {[%clk 0:02:47]} Rb2+
{[%clk 0:03:08]} 107. Kg1 {[%clk 0:03:12]} Ke3 {[%clk 0:03:15]} 108. Nd5+
{[%clk 0:03:17]} Ke2 {[%clk 0:03:14]} 109. Nc3+ {[%clk 0:03:40]} Kd3
{[%clk 0:03:22]} 110. Ne4 {[%clk 0:03:57]} Rb5 {[%clk 0:02:58]} 111. Kf2
{[%clk 0:04:21]} Re5 {[%clk 0:03:18]} 112. Nf6 {[%clk 0:03:17]} Re2+
{[%clk 0:03:38]} 113. Kg1 {[%clk 0:03:23]} Ke3 {[%clk 0:03:31]} 114. Kf1
{[%clk 0:02:14]} Ra2 {[%clk 0:02:40]} 115. Kg1 {[%clk 0:02:06]} Ra1+
{[%clk 0:02:23]} 116. Kh2 {[%clk 0:02:21]} Ke2 {[%clk 0:01:57]} 117. Ne4
{[%clk 0:02:27]} Re1 {[%clk 0:02:08]} 118. Nf6 {[%clk 0:00:40]} Kf1
{[%clk 0:02:07]} 119. Ng4 {[%clk 0:00:47]} Re6 {[%clk 0:02:12]} 120. Kh1
{[%clk 0:00:38]} Re2 {[%clk 0:02:31]} 121. Nf6 {[%clk 0:00:59]} Rxg2
{[%clk 0:02:46]} 122. Ne4 {[%clk 0:01:24]} Rg1+ {[%clk 0:02:34]} 123. Kh2
{[%clk 0:01:50]} Rg2+ {[%clk 0:03:00]} 124. Kh1 {[%clk 0:02:17]} Rg3
{[%clk 0:02:46]} 125. Kh2 {[%clk 0:02:40]} Rxf3 {[%clk 0:03:07]} 126. Nxg5
{[%clk 0:03:06]} Re3 {[%clk 0:03:33]} 127. Nf7 {[%clk 0:02:50]} Re2+
{[%clk 0:03:51]} 128. Kh1 {[%clk 0:03:16]} Kf2 {[%clk 0:04:14]} 129. Nh6
{[%clk 0:02:37]} Kg3 {[%clk 0:04:37]} 130. Nf5+ {[%clk 0:03:03]} Kxh3
{[%clk 0:04:58]} 131. Kg1 {[%clk 0:03:27]} Rg2+ {[%clk 0:04:39]} 132. Kf1
{[%clk 0:03:50]} Rg5 {[%clk 0:04:45]} 133. Nd4 {[%clk 0:04:15]} Re5
{[%clk 0:04:46]} 134. Kf2 {[%clk 0:04:16]} Kg4 {[%clk 0:04:38]} 135. Nc2
{[%clk 0:04:41]} h3 {[%clk 0:04:54]} 136. Ne3+ {[%clk 0:05:08]} Rxe3
{[%clk 0:05:20]} 0-1

[Event "Moscow_Open_19_TurnirA"]
[Site "?"]
[Date "2019.01.31"]
[Round "6.9"]
[White "Korneev, Oleg"]
[Black "Bryakin, Mikhail"]
[Result "1-0"]
[BlackElo "2426"]
[WhiteElo "2545"]
[LiveChessVersion "1.4.8"]

1. e4 {[%clk 1:18:00]} c6 {[%clk 1:30:31]} 2. d4 {[%clk 1:17:33]} d5
{[%clk 1:30:55]} 3. e5 {[%clk 1:17:59]} Bf5 {[%clk 1:31:19]} 4. h4
{[%clk 1:18:26]} h5 {[%clk 1:31:31]} 5. Bd3 {[%clk 1:18:53]} Bxd3
{[%clk 1:31:43]} 6. Qxd3 {[%clk 1:19:21]} e6 {[%clk 1:31:51]} 7. Bg5
{[%clk 1:19:49]} Qb6 {[%clk 1:31:41]} 8. Nd2 {[%clk 1:13:09]} Nh6
{[%clk 1:28:25]} 9. Ne2 {[%clk 1:04:34]} Nf5 {[%clk 1:23:26]} 10. O-O
{[%clk 1:03:34]} Nd7 {[%clk 1:23:12]} 11. Nf3 {[%clk 1:02:25]} Be7
{[%clk 1:17:05]} 12. Bxe7 {[%clk 0:59:50]} Nxe7 {[%clk 1:10:16]} 13. b4
{[%clk 0:47:57]} a5 {[%clk 1:00:23]} 14. a3 {[%clk 0:47:36]} Qa6 {[%clk 0:58:09]}
15. Qd1 {[%clk 0:37:57]} axb4 {[%clk 0:46:41]} 16. axb4 {[%clk 0:38:07]} Qxa1
{[%clk 0:47:07]} 17. Qxa1 {[%clk 0:38:32]} Rxa1 {[%clk 0:47:29]} 18. Rxa1
{[%clk 0:39:00]} O-O {[%clk 0:47:33]} 19. Nf4 {[%clk 0:38:51]} g6
{[%clk 0:46:47]} 20. Nd3 {[%clk 0:38:35]} Rb8 {[%clk 0:39:50]} 21. g3
{[%clk 0:35:24]} Kf8 {[%clk 0:35:51]} 22. c3 {[%clk 0:34:59]} Ke8
{[%clk 0:29:25]} 23. Ng5 {[%clk 0:31:34]} Nf5 {[%clk 0:28:35]} 24. Ra7
{[%clk 0:31:47]} Nh6 {[%clk 0:28:21]} 25. f3 {[%clk 0:27:01]} Kd8
{[%clk 0:23:26]} 26. Kg2 {[%clk 0:25:02]} Ke7 {[%clk 0:17:43]} 27. Nf4
{[%clk 0:22:30]} Nf5 {[%clk 0:15:06]} 28. Kf2 {[%clk 0:22:30]} Nh6
{[%clk 0:13:25]} 29. Kg2 {[%clk 0:16:39]} Nf5 {[%clk 0:13:47]} 30. Kf2
{[%clk 0:08:30]} Nh6 {[%clk 0:14:14]} 31. Nd3 {[%clk 0:07:27]} f6
{[%clk 0:11:17]} 32. exf6+ {[%clk 0:07:52]} Kxf6 {[%clk 0:11:29]} 33. f4
{[%clk 0:02:56]} Ke7 {[%clk 0:06:15]} 34. Ra2 {[%clk 0:02:47]} Nf7
{[%clk 0:04:09]} 35. Nxf7 {[%clk 0:01:15]} Kxf7 {[%clk 0:04:37]} 36. Ne5+
{[%clk 0:01:34]} Nxe5 {[%clk 0:04:56]} 37. fxe5 {[%clk 0:00:59]} Kg7
{[%clk 0:02:18]} 38. Ke3 {[%clk 0:01:28]} Rf8 {[%clk 0:02:23]} 39. Ra7 Rf7
{[%clk 0:01:04]} 40. Ra8 {[%clk 0:32:20]} Rf8 {[%clk 0:30:56]} 41. Ra7
{[%clk 0:30:20]} Rf7 {[%clk 0:31:20]} 42. Ra1 {[%clk 0:29:38]} Rf8
{[%clk 0:25:26]} 43. b5 {[%clk 0:28:48]} cxb5 {[%clk 0:24:37]} 44. Rb1
{[%clk 0:28:54]} Rc8 {[%clk 0:21:43]} 45. Kd2 {[%clk 0:28:08]} Rf8
{[%clk 0:17:07]} 46. Rxb5 {[%clk 0:28:12]} Rf3 {[%clk 0:17:11]} 47. Rxb7+
{[%clk 0:28:39]} Kf8 {[%clk 0:17:11]} 48. Rb8+ {[%clk 0:28:32]} Kf7
{[%clk 0:15:56]} 49. Rb7+ {[%clk 0:28:59]} Kf8 {[%clk 0:16:18]} 50. Rb1
{[%clk 0:25:51]} Rxg3 {[%clk 0:15:09]} 51. Rf1+ {[%clk 0:26:16]} Kg7
{[%clk 0:08:44]} 52. Rf6 {[%clk 0:25:51]} Rg4 {[%clk 0:08:41]} 53. Rxe6
{[%clk 0:26:15]} Rxh4 {[%clk 0:09:08]} 54. Rd6 {[%clk 0:21:09]} Re4
{[%clk 0:06:45]} 55. Rxd5 {[%clk 0:21:21]} h4 {[%clk 0:07:13]} 56. Rd7+
{[%clk 0:21:10]} Kh6 {[%clk 0:05:18]} 57. Rd8 {[%clk 0:19:27]} Kg7
{[%clk 0:05:17]} 58. Rd7+ {[%clk 0:19:30]} Kh6 {[%clk 0:05:42]} 59. Ra7
{[%clk 0:13:33]} h3 {[%clk 0:02:12]} 60. Ra1 {[%clk 0:13:54]} Kg5
{[%clk 0:00:59]} 61. Kd3 {[%clk 0:13:16]} Rh4 {[%clk 0:01:04]} 62. e6
{[%clk 0:10:14]} Kf6 {[%clk 0:01:11]} 63. d5 {[%clk 0:10:15]} h2 {[%clk 0:01:18]}
64. Rh1 {[%clk 0:09:42]} Rh3+ {[%clk 0:00:53]} 65. Ke4 {[%clk 0:09:00]} g5
{[%clk 0:00:57]} 66. c4 {[%clk 0:09:20]} g4 {[%clk 0:00:53]} 67. Kf4
{[%clk 0:08:58]} g3 {[%clk 0:00:36]} 68. Kf3 {[%clk 0:09:20]} Rh4
{[%clk 0:00:31]} 69. Kxg3 {[%clk 0:09:39]} Rxc4 {[%clk 0:00:54]} 70. Rxh2
{[%clk 0:09:54]} Rd4 {[%clk 0:00:58]} 71. Rf2+ {[%clk 0:09:28]} Ke7
{[%clk 0:01:08]} 72. Rf7+ Ke8 73. Rd7 {[%clk 0:10:00]} Re4 {[%clk 0:01:58]} 74.
Kf3 {[%clk 0:10:22]} Rd4 {[%clk 0:01:49]} 75. Ke3 {[%clk 0:10:47]} Rd1
{[%clk 0:02:01]} 76. Ke4 {[%clk 0:11:14]} Re1+ {[%clk 0:02:07]} 77. Kf5
{[%clk 0:11:01]} Re2 {[%clk 0:02:30]} 78. Ra7 {[%clk 0:11:20]} Kd8
{[%clk 0:02:54]} 79. d6 {[%clk 0:11:42]} Rf2+ {[%clk 0:03:21]} 80. Kg4
{[%clk 0:11:48]} 1-0

[Event "Moscow_Open_19_TurnirA"]
[Site "?"]
[Date "2019.01.31"]
[Round "6.10"]
[White "Lysyj, Igor"]
[Black "Agmanov, Zhandos"]
[Result "1-0"]
[BlackElo "2405"]
[WhiteElo "2633"]
[LiveChessVersion "1.4.8"]

1. Nf3 d5 {[%clk 1:26:16]} 2. d4 {[%clk 1:30:42]} Nf6 {[%clk 1:26:38]} 3. g3
{[%clk 1:31:08]} e6 {[%clk 1:26:28]} 4. Bg2 c5 {[%clk 1:21:46]} 5. c4
{[%clk 1:31:31]} Nc6 {[%clk 1:20:21]} 6. O-O {[%clk 1:30:12]} cxd4
{[%clk 1:15:35]} 7. Nxd4 {[%clk 1:28:39]} Be7 {[%clk 1:15:08]} 8. cxd5
{[%clk 1:23:07]} exd5 {[%clk 1:12:39]} 9. Nc3 {[%clk 1:22:25]} O-O
{[%clk 1:12:53]} 10. Bf4 {[%clk 1:17:18]} a6 {[%clk 0:50:32]} 11. Rc1
{[%clk 1:12:55]} Re8 {[%clk 0:41:06]} 12. Qd3 {[%clk 1:00:10]} Bb4
{[%clk 0:29:17]} 13. a3 {[%clk 0:31:35]} Bxc3 {[%clk 0:25:08]} 14. Nxc6
{[%clk 0:30:04]} bxc6 {[%clk 0:25:29]} 15. Rxc3 {[%clk 0:29:37]} Bg4
{[%clk 0:23:05]} 16. Rfc1 {[%clk 0:23:25]} Bd7 {[%clk 0:08:27]} 17. R3c2
{[%clk 0:18:01]} Ne4 {[%clk 0:04:10]} 18. Qd4 {[%clk 0:18:05]} Qe7
{[%clk 0:04:28]} 19. h4 {[%clk 0:15:36]} h6 {[%clk 0:04:52]} 20. Bc7
{[%clk 0:14:08]} Qe6 {[%clk 0:04:45]} 21. Bb6 {[%clk 0:13:58]} Qf5
{[%clk 0:04:10]} 22. Qd3 {[%clk 0:10:54]} Qg6 {[%clk 0:02:27]} 23. Bd4
{[%clk 0:07:52]} Rec8 {[%clk 0:02:50]} 24. Qf3 {[%clk 0:05:43]} Bf5
{[%clk 0:02:52]} 25. h5 {[%clk 0:05:41]} Qe6 {[%clk 0:03:22]} 26. Qe3
{[%clk 0:04:48]} Qd7 {[%clk 0:02:57]} 27. g4 {[%clk 0:02:41]} Bh7
{[%clk 0:02:18]} 28. Qf4 {[%clk 0:02:11]} Ng5 {[%clk 0:01:51]} 29. Rd2
{[%clk 0:02:31]} Ne6 {[%clk 0:02:09]} 30. Qg3 {[%clk 0:02:53]} Nxd4
{[%clk 0:02:04]} 31. Rxd4 {[%clk 0:03:22]} Qe7 {[%clk 0:02:11]} 32. e3
{[%clk 0:03:10]} Qf6 {[%clk 0:01:50]} 33. Rc5 {[%clk 0:00:53]} a5
{[%clk 0:01:48]} 34. Qf4 {[%clk 0:01:05]} Qe7 {[%clk 0:01:36]} 35. Rc3
{[%clk 0:01:19]} Qb7 {[%clk 0:01:35]} 36. Rd2 {[%clk 0:00:47]} Re8
{[%clk 0:01:56]} 37. Bxd5 Rad8 {[%clk 0:01:04]} 38. Bxc6 {[%clk 0:00:45]} 1-0

[Event "Moscow_Open_19_TurnirA"]
[Site "?"]
[Date "2019.01.31"]
[Round "6.11"]
[White "Korchmar, Vasiliy"]
[Black "Kokarev, Dmitry"]
[Result "1-0"]
[BlackElo "2605"]
[WhiteElo "2424"]
[LiveChessVersion "1.4.8"]

1. d4 {[%clk 1:30:00]} d6 {[%clk 1:30:53]} 2. e4 {[%clk 1:29:57]} Nf6
{[%clk 1:31:17]} 3. Nc3 {[%clk 1:30:20]} e5 {[%clk 1:31:41]} 4. Nf3
{[%clk 1:30:37]} Nbd7 {[%clk 1:32:05]} 5. Bc4 {[%clk 1:30:53]} Be7
{[%clk 1:32:21]} 6. O-O {[%clk 1:31:14]} O-O {[%clk 1:32:47]} 7. Re1
{[%clk 1:29:59]} c6 {[%clk 1:33:05]} 8. a4 {[%clk 1:30:20]} a5 9. h3
{[%clk 1:27:41]} Nb6 {[%clk 1:33:16]} 10. Ba2 {[%clk 1:21:15]} Nfd7
{[%clk 1:33:38]} 11. dxe5 {[%clk 1:12:34]} dxe5 {[%clk 1:33:12]} 12. Qd3
{[%clk 1:03:43]} Bb4 {[%clk 1:25:01]} 13. Bg5 {[%clk 1:00:36]} Qe8
{[%clk 1:16:04]} 14. Nh4 {[%clk 0:59:47]} Kh8 {[%clk 1:13:59]} 15. Qg3
{[%clk 0:44:48]} f6 {[%clk 1:11:37]} 16. Be3 {[%clk 0:42:44]} Bxc3
{[%clk 1:08:55]} 17. bxc3 {[%clk 0:40:39]} Nxa4 {[%clk 1:07:05]} 18. Rad1
{[%clk 0:31:58]} Ndc5 {[%clk 1:05:00]} 1-0

[Event "Moscow_Open_19_TurnirA"]
[Site "?"]
[Date "2019.01.31"]
[Round "6.12"]
[White "Kryakvin, Dmitry"]
[Black "Savitskiy, Sergey"]
[Result "1-0"]
[BlackElo "2411"]
[WhiteElo "2588"]
[LiveChessVersion "1.4.8"]

1. d4 {[%clk 1:30:55]} d5 {[%clk 1:30:38]} 2. Nf3 {[%clk 1:31:18]} Nf6
{[%clk 1:30:54]} 3. c4 {[%clk 1:31:43]} dxc4 {[%clk 1:30:03]} 4. Qa4+
{[%clk 1:32:08]} Nbd7 {[%clk 1:29:58]} 5. Nc3 c6 {[%clk 1:20:21]} 6. Qxc4
{[%clk 1:32:02]} Nb6 {[%clk 1:20:33]} 7. Qd3 {[%clk 1:31:38]} g6 {[%clk 1:17:57]}
8. e4 {[%clk 1:31:04]} Bg7 {[%clk 1:18:14]} 9. Be2 {[%clk 1:31:01]} O-O
{[%clk 1:17:30]} 10. O-O {[%clk 1:30:49]} Ne8 {[%clk 1:17:09]} 11. Rd1
{[%clk 1:26:22]} f5 {[%clk 1:14:32]} 12. Qc2 {[%clk 1:23:18]} fxe4
{[%clk 1:13:32]} 13. Nxe4 {[%clk 1:20:53]} Nd5 {[%clk 1:12:36]} 14. Qb3
{[%clk 1:17:00]} a5 {[%clk 1:04:56]} 15. Nc5 {[%clk 1:13:25]} Ra7
{[%clk 0:58:35]} 16. Ne5 {[%clk 1:10:46]} Nec7 {[%clk 0:55:19]} 17. Bf3
{[%clk 0:58:32]} Qe8 {[%clk 0:33:55]} 18. Bg5 {[%clk 0:50:34]} Kh8
{[%clk 0:22:20]} 19. Rac1 {[%clk 0:46:36]} Ne6 {[%clk 0:21:32]} 20. Nxe6
{[%clk 0:42:54]} Bxe6 {[%clk 0:21:55]} 21. Re1 {[%clk 0:42:38]} Rf5
{[%clk 0:18:28]} 22. h4 {[%clk 0:30:25]} a4 {[%clk 0:14:02]} 23. Qa3
{[%clk 0:30:23]} Bxe5 {[%clk 0:08:09]} 24. dxe5 {[%clk 0:28:22]} Rf7
{[%clk 0:07:37]} 25. Bxd5 {[%clk 0:27:37]} cxd5 {[%clk 0:07:50]} 26. Rc7
{[%clk 0:27:29]} Ra8 {[%clk 0:04:54]} 27. Bxe7 {[%clk 0:24:02]} Rc8
{[%clk 0:03:31]} 28. Rxb7 {[%clk 0:22:45]} Kg8 {[%clk 0:03:48]} 29. Qd6
{[%clk 0:20:46]} Qc6 {[%clk 0:01:22]} 30. Rb8 {[%clk 0:15:25]} 1-0